000 00720nam a22002177a 4500
999 _c11818
_d11818
003 AR-CdUCM
008 190405b ||||| |||| 00| 0 spa d
040 _aMUNICIPALIDAD PROVINCIAL DEL CUSCO
_cBIBLIOTECA MUNICIPAL DEL CUSCO
082 _a160 /
_bP52 / 1933
100 _aPfander. A
_929373
245 _aLógica:
_bManuales de filosofía I /
260 _aMadrid :
_bRevista Occidente,
_c1933.
300 _a414 paginas ;
_c21 cm.
505 _aContenido :Teoría de los raciocinios inmediatos --Teoría de los raciocinios mediatos /
650 _aFilosofía moderna
_913004
650 _aFilosofía
_9395
650 _aHistoria
_9136
700 _aJ.Bances Perez
_929374
942 _2ddc
_cLIBROS
945 _arjall